000 00268nam a22001217a 4500
008 190314b xxu||||| |||| 00| 0 eng d
041 _aeng
080 _a043.3
100 _a0
101 _aMBE-BA
245 _aImplementimi i CEFTA-s
_cKasapolli, A
942 _2udc
_cBK
999 _c54802
_d54802